000 00963nas a2200289 4500
001 BR2010001183
003 BR-BrBNA
005 20231205113939.0
007 ta
008 230509b bl.|||p| |||| 00| 00por d
040 _aBR-BrBNA
_bpor
_cBiblioteca Nacional de Agricultura
041 _a(Pt)
072 _aH10
100 1 _aPoderoso, J.C.M.
100 1 _aRibeiro, G.T.
100 1 _aNavia, D.
100 1 _aGonçalves, G.B.
100 1 _aCorreira-Oliveira, M.E.
245 1 _aPrimeiro registro na América Latina do manjericão (Ocimum basilicum L. 1753)(Lamiaceae)como hospedeiro do ácaro Brevipalpus obovatus Donnadieu, 1933 (Tenuiplapidae)
650 _aMANJERICÃO
650 _aPLANTA MEDICINAL
650 _aÁCARO
650 _aVIVEIRO
773 0 _tRevista Brasileira de Plantas Medicinais (Brazil)
_xISSN 1516-0572
_g(Nov 2009), v. 11(4) p. 473-475
_wBR2010001183
909 _a202311
_bLúcia
_c55
_dLúcia Elande
942 _2AGRIS
_n0
_cANA
999 _c206405
_d206405